000 00730nam a2200229 a 4500
001 000011750
005 20240530073912.0
008 091027s1981 dr r 000 f spa d
040 _aDO-SdBNP
_bspa
_cBNPHU
082 _aRD863.44
_bA485r
100 1 _aAmarante, Héctor
_922989
245 1 0 _aRitos /
_cHéctor Amarante.
260 _aSanto Domingo :
_bFeria Nacional del Libro,
_c1981.
300 _a105 p. ;
_c20 cm.
490 1 _aPremios Nacionales
586 _aPremio Nacional de Novela, Manuel de Jesús Galván, 1981
590 _aInventariado, 2018/BT
650 0 _aNovela dominicana
_9223
650 0 _aLiteratura dominicana.
_967
830 0 _aPremios Nacionales
_9718
910 0 _aValidado. Control de calidad. MFF
999 _c11425
_d11425